00922nam a2200193Ia 4500008004100000020001500041041001200056082001600068100001600084245004500100260003300145300000800178650001200186942000700198999001500205952017000220952017000390952016800560221030s9999 xx 000 0 und d a8121909090 aEnglish a105.23bAro aC. L. Arora 0aB. Sc. Practical Physicscby C. L. Arora bS.Chand Co.aNew Delhic1999 a629 aPhysics cBK c8577d8577 pBE 784g90.00l0o105.23 Aror2024-06-13 00:00:00w2022-10-30yBK003Print4070aMIETLIBbMIETLIBcBL-Academic Block - A, FL-1, CUP-7, SH-6, R-6d2000-01-2210HBE pBE 785g90.00l0o105.23 Aror2024-06-13 00:00:00w2022-10-30yBK003Print4070aMIETLIBbMIETLIBcBL-Academic Block - C, FL-2, CUP-7, SH-6, R-6d2000-01-2810HBE pBE 786g90.00l0o105.23 Aror2022-10-30 00:00:00w2022-10-30yBK003Print4070aMIETLIBbMIETLIBcBL-Academic Block B, FL-1, CUP-7, SH-6, R-6d2000-01-2810HBE